Svakarẽ candana ghāśī. (Record no. 61962)

MARC details
000 -LEADER
fixed length control field 00555cam a22002171 4500
001 - CONTROL NUMBER
control field sa 65001199
003 - CONTROL NUMBER IDENTIFIER
control field DLC
005 - DATE AND TIME OF LATEST TRANSACTION
control field 20260227112108.0
008 - FIXED-LENGTH DATA ELEMENTS--GENERAL INFORMATION
fixed length control field 890816s1963 ii a 000 0 maro
010 ## - LIBRARY OF CONGRESS CONTROL NUMBER
LC control number sa 65001199
035 ## - SYSTEM CONTROL NUMBER
System control number (OCoLC)20186471
040 ## - CATALOGING SOURCE
Original cataloging agency DLC
Transcribing agency WaU
Modifying agency DLC
042 ## - AUTHENTICATION CODE
Authentication code premarc
050 00 - LIBRARY OF CONGRESS CALL NUMBER
Classification number PK2418.E5
Item number Z73
100 1# - MAIN ENTRY--PERSONAL NAME
Personal name Jośī, S. K.
245 10 - TITLE STATEMENT
Title Svakarẽ candana ghāśī.
260 ## - PUBLICATION, DISTRIBUTION, ETC.
Date of publication, distribution, etc. [1963]
300 ## - PHYSICAL DESCRIPTION
Extent 243 p.
Other physical details illus.
Dimensions 19 cm.
500 ## - GENERAL NOTE
General note In Marathi.
600 00 - SUBJECT ADDED ENTRY--PERSONAL NAME
Personal name Ekanātha,
Dates associated with a name approximately 1548-approximately 1609.

No items available.

Powered by Koha